[Event "Prague Golden 65+ op 17th"]
[Site "Prague"]
[Date "2022.07.14"]
[Round "6"]
[White "Krnak, Vladimir"]
[Black "Gruber, Milos"]
[Result "0-1"]
[WhiteElo "1718"]
[BlackElo "1938"]
[PlyCount "88"]
[EventDate "2022.07.09"]
[EventType "swiss"]
[EventRounds "9"]
[EventCountry "CZE"]
[SourceTitle "CBM 209 Extra"]
[Source "ChessBase"]
[SourceDate "2022.09.30"]
[SourceVersion "1"]
[SourceVersionDate "2022.09.30"]
[SourceQuality "1"]

1. d4 Nf6 2. c4 g6 3. Nc3 d5 4. Bf4 Bg7 5. Nf3 0-0 6. e3 c5 7. dxc5 Qa5 8. Rc1 Ne4 9. cxd5 Nxc3 10. Qd2 Qxa2 11. bxc3 Qa5 12. Be5 Qxc5 13. Bxg7 Kxg7 14. Qd4+ Qxd4 15. Nxd4 Nd7 16. c4 Nc5 17. f3 Bd7 18. Be2 a5 19. Kd2 f5 20. Rb1 a4 21. Ra1 Rfd8 22. Kc3 Kf6 23. Rhb1 Ra6 24. Kb4 Rc8 25. Ra3 e5 26. Nb5 Bxb5 27. cxb5 Rd6 28. Rd1 b6 29. Raa1 g5 30. h3 Re8 31. Bc4 e4 32. Ra3 h5 33. Rd4 h4 34. fxe4 fxe4 35. Rd1 Re5 36. Rf1+ Rf5 37. Rxf5+ Kxf5 38. Ra1 Rf6 39. Rf1+ Ke5 40. Rxf6 Kxf6 41. Kc3 Ke5 42. Kb4 Nd3+ 43. Kxa4 Ne1 44. Bf1 Nc2 0-1

[Event "Tabor op"]
[Site "Tabor"]
[Date "2009.08.04"]
[Round "4"]
[White "Borkovec, Milan"]
[Black "Gruber, Milos"]
[Result "1-0"]
[WhiteElo "2220"]
[BlackElo "2019"]
[PlyCount "71"]
[EventDate "2009.08.02"]
[EventType "swiss"]
[EventRounds "9"]
[EventCountry "CZE"]
[SourceTitle "CBM 131 Extra"]
[Source "ChessBase"]
[SourceDate "2009.09.03"]
[SourceVersion "2"]
[SourceVersionDate "2009.09.16"]
[SourceQuality "1"]

1. d4 Nf6 2. c4 g6 3. Nc3 d5 4. cxd5 Nxd5 5. e4 Nxc3 6. bxc3 Bg7 7. Bc4 c5 8. Ne2 0-0 9. 0-0 Nc6 10. Be3 cxd4 11. cxd4 b6 12. Rc1 Bb7 13. Bb5 Rc8 14. d5 Ne5 15. Bd4 a6 16. Ba4 Rxc1 17. Qxc1 Nd3 18. Qe3 Bxd4 19. Nxd4 Nc5 20. Bc2 Qd6 21. f4 e6 22. Rd1 exd5 23. e5 Qe7 24. f5 Re8 25. e6 fxe6 26. fxg6 Ne4 27. gxh7+ Qxh7 28. Rf1 e5 29. Nf5 Re6 30. Bxe4 dxe4 31. Qg5+ Kh8 32. Rd1 Bc6 33. Rd8+ Be8 34. Rxe8+ Rxe8 35. Qf6+ Kg8 36. Nh6+ 1-0

[Event "Czechia KP-chTA 0607"]
[Site "Czech Republic"]
[Date "2007.03.18"]
[Round "10.3"]
[White "Netusil, Jaroslav"]
[Black "Gruber, Milos"]
[Result "1/2-1/2"]
[WhiteElo "2070"]
[BlackElo "1962"]
[PlyCount "57"]
[EventDate "2006.10.29"]
[EventType "team"]
[EventRounds "11"]
[EventCountry "CZE"]
[SourceTitle "EXT 2008"]
[Source "ChessBase"]
[SourceDate "2007.11.25"]
[SourceVersion "1"]
[SourceVersionDate "2007.11.25"]
[SourceQuality "1"]
[WhiteTeam "Tisice"]
[BlackTeam "Kralupy nad Vltavou"]
[WhiteTeamCountry "CZE"]
[BlackTeamCountry "CZE"]

1. e4 c5 2. Nc3 e6 3. f4 Nc6 4. Nf3 d6 5. Bb5 Nge7 6. 0-0 g6 7. e5 d5 8. d3 Qb6 9. Kh1 Nf5 10. Bxc6+ Qxc6 11. Ne2 b6 12. c3 Bb7 13. d4 Ba6 14. Re1 Bxe2 15. Rxe2 h5 16. Be3 c4 17. Bf2 Be7 18. Qe1 h4 19. Kg1 Kd7 20. Be3 Rh5 21. Rb1 Rg8 22. Rd2 Rhh8 23. Qf2 b5 24. a3 a5 25. Rc2 a4 26. Re1 Qc8 27. Bc1 Qd8 28. Rf1 Rh5 29. Qe1 1/2-1/2

[Event "Tatry op"]
[Site "Tatranske Zruby"]
[Date "2006.09.26"]
[Round "5"]
[White "Nagy, Attila2222"]
[Black "Gruber, Milos"]
[Result "1-0"]
[WhiteElo "2094"]
[BlackElo "1977"]
[PlyCount "61"]
[EventDate "2006.09.23"]
[EventType "swiss"]
[EventRounds "9"]
[EventCountry "SVK"]
[SourceTitle "CBM 114 Extra"]
[Source "ChessBase"]
[SourceDate "2006.11.03"]
[SourceVersion "1"]
[SourceVersionDate "2006.11.03"]
[SourceQuality "1"]

1. d4 Nf6 2. Nf3 g6 3. Bf4 Bg7 4. e3 0-0 5. Bd3 c5 6. c3 cxd4 7. exd4 d5 8. 0-0 Nc6 9. Nbd2 Bd7 10. Ne5 Nh5 11. Nxc6 bxc6 12. Bg5 Nf6 13. Re1 Re8 14. Nf3 Bg4 15. h3 Bxf3 16. Qxf3 Qc7 17. Re2 h6 18. Bf4 Qd7 19. Rae1 Rac8 20. Qe3 Kh7 21. Be5 Ng8 22. Qf3 e6 23. Bf4 Re7 24. g4 f6 25. h4 Rce8 26. h5 f5 27. hxg6+ Kxg6 28. gxf5+ exf5 29. Qg4+ Kf6 30. Be5+ Rxe5 31. dxe5+ 1-0

[Event "CZE-chT3A Middle 0506  "]
[Site "Czech Republic"]
[Date "2006.01.08"]
[Round "5.7"]
[White "Kucera, Vladimir"]
[Black "Gruber, Milos"]
[Result "0-1"]
[WhiteElo "2106"]
[BlackElo "1878"]
[PlyCount "48"]
[EventDate "2005.10.30"]
[EventType "team"]
[EventRounds "11"]
[EventCountry "CZE"]
[SourceTitle "EXT 2009"]
[Source "ChessBase"]
[SourceDate "2008.11.26"]
[SourceVersion "1"]
[SourceVersionDate "2008.11.26"]
[SourceQuality "1"]

1. d4 Nf6 2. c4 g6 3. Nc3 d5 4. Nf3 Bg7 5. Bg5 Ne4 6. Bf4 Nxc3 7. bxc3 c5 8. Bxb8 Rxb8 9. Qa4+ Bd7 10. Qxa7 cxd4 11. Nxd4 Qc7 12. e3 0-0 13. Qa3 e5 14. Nb5 Bxb5 15. cxb5 Ra8 16. Qb3 d4 17. c4 Qa5+ 18. Ke2 d3+ 19. Kd1 e4 20. Rb1 Qxa2 21. f3 Qxb3+ 22. Rxb3 Ra1+ 23. Kd2 f5 24. g4 Rfa8 0-1